[Event "RUS-ch Seniors"]
[Site "Odintsovo"]
[Date "2011.04.27"]
[Round "9"]
[White "Sokolov, Yury"]
[Black "Mukhin, Viktor"]
[Result "1-0"]
[WhiteElo "1920"]
[BlackElo "2137"]
[PlyCount "73"]
[EventDate "2011.04.19"]
[EventType "swiss"]
[EventRounds "9"]
[EventCountry "RUS"]
[SourceTitle "CBM 142 Extra"]
[Source "ChessBase"]
[SourceDate "2011.06.27"]
[SourceVersion "1"]
[SourceVersionDate "2011.06.27"]
[SourceQuality "1"]

1. d4 Nf6 2. Nc3 d5 3. f3 c5 4. Bg5 e6 5. e3 cxd4 6. Bb5+ Nc6 7. Qxd4 Be7 8. Qd2 0-0 9. Nge2 Qb6 10. 0-0 a6 11. Bxc6 bxc6 12. b3 Rd8 13. Kh1 Ne4 14. fxe4 Bxg5 15. exd5 Bxe3 16. Qd3 exd5 17. Rf3 Bh6 18. Raf1 Rf8 19. Nd4 Qc7 20. a4 Be6 21. Nxe6 fxe6 22. Rxf8+ Rxf8 23. Rxf8+ Kxf8 24. Qxa6 Qf4 25. Qe2 Qb4 26. Nd1 Ke7 27. Nf2 Bd2 28. g3 Qd4 29. Kg2 Kd6 30. Qf3 Kc7 31. Qf7+ Kb6 32. Qe8 c5 33. Qd8+ Kc6 34. a5 Be1 35. Nd3 Bd2 36. Qb6+ Kd7 37. Nxc5+ 1-0

[Event "RUS-ch Seniors"]
[Site "Odintsovo"]
[Date "2011.04.26"]
[Round "8"]
[White "Mukhin, Viktor"]
[Black "Burkov, German"]
[Result "0-1"]
[WhiteElo "2137"]
[BlackElo "2178"]
[PlyCount "106"]
[EventDate "2011.04.19"]
[EventType "swiss"]
[EventRounds "9"]
[EventCountry "RUS"]
[SourceTitle "CBM 142 Extra"]
[Source "ChessBase"]
[SourceDate "2011.06.27"]
[SourceVersion "1"]
[SourceVersionDate "2011.06.27"]
[SourceQuality "1"]

1. e4 g6 2. d4 Bg7 3. Nc3 d6 4. Nf3 c6 5. Be2 Qc7 6. h3 Nd7 7. Bf4 e5 8. Bh2 Qb6 9. Qd2 exd4 10. Na4 Qc7 11. Nxd4 Ngf6 12. Nc3 0-0 13. 0-0-0 Re8 14. f3 Ne5 15. f4 Ned7 16. Bf3 Qb6 17. Rhe1 Nc5 18. g4 Nfd7 19. h4 a5 20. h5 a4 21. hxg6 hxg6 22. Bg1 a3 23. b3 Qa7 24. Kb1 Nb6 25. Bh2 Nbd7 26. Bg3 Qa5 27. Re2 Ne6 28. e5 dxe5 29. fxe5 Ndc5 30. Ne4 Nxe4 31. Qxa5 Rxa5 32. Rxe4 Ng5 33. Re3 Nxf3 34. Nxf3 Bxg4 35. b4 Raa8 36. Rde1 Bxf3 37. Rxf3 Re6 38. c4 Rae8 39. Rxa3 Bxe5 40. Bxe5 Rxe5 41. Rxe5 Rxe5 42. Ra7 b5 43. cxb5 cxb5 44. Ra5 f5 45. a4 Re1+ 46. Kc2 bxa4 47. b5 Re5 48. Kc3 f4 49. Kc4 f3 50. b6 f2 51. Rxe5 f1Q+ 52. Kc5 Qf2+ 53. Kc6 Qf6+ 0-1

[Event "RUS-ch Seniors"]
[Site "Odintsovo"]
[Date "2011.04.21"]
[Round "3"]
[White "Sambursky, Vladimir"]
[Black "Mukhin, Viktor"]
[Result "1/2-1/2"]
[WhiteElo "2229"]
[BlackElo "2137"]
[PlyCount "160"]
[EventDate "2011.04.19"]
[EventType "swiss"]
[EventRounds "9"]
[EventCountry "RUS"]
[SourceTitle "CBM 142 Extra"]
[Source "ChessBase"]
[SourceDate "2011.06.27"]
[SourceVersion "1"]
[SourceVersionDate "2011.06.27"]
[SourceQuality "1"]

1. e4 e5 2. Nf3 Nc6 3. Bb5 a6 4. Ba4 Nf6 5. 0-0 Be7 6. Re1 b5 7. Bb3 d6 8. h3 0-0 9. c3 Na5 10. Bc2 c5 11. d4 Qc7 12. Nbd2 cxd4 13. cxd4 Nc6 14. d5 Nb4 15. Bb1 a5 16. Nf1 Bd7 17. Bd2 Na6 18. Bc2 Rfc8 19. Rc1 Nc5 20. Ng3 b4 21. Be3 Qb7 22. Nd2 g6 23. f4 exf4 24. Bxf4 Bb5 25. Nf3 Bf8 26. Kh2 Re8 27. Qd4 Bg7 28. Qf2 Bd3 29. Qd2 Nfxe4 30. Nxe4 Bxe4 31. Bxd6 Bxf3 32. gxf3 Bxb2 33. Rxe8+ Rxe8 34. Re1 Rxe1 35. Qxe1 Qd7 36. Qe7 Qxe7 37. Bxe7 Be5+ 38. Kg2 Nb7 39. Be4 Bd6 40. Bf6 Nc5 41. Bc2 a4 42. Kf1 b3 43. axb3 axb3 44. Bb1 Nd7 45. Bd4 Be5 46. Be3 Kf8 47. Ke2 Ke7 48. Kd3 Kd6 49. Kc4 b2 50. Ba2 Bf6 51. f4 Bd8 52. Kb5 b1Q+ 53. Bxb1 Kxd5 54. Bc1 f5 55. Ba2+ Ke4 56. Kc6 Nf6 57. Kd6 Nh5 58. Bd5+ Kd3 59. Bf3 Ng3 60. Bc6 Bb6 61. Ke5 Bc7+ 62. Kf6 Ne2 63. Bb5+ Kc2 64. Bxe2 Kxc1 65. Kg7 Kd2 66. Ba6 Bxf4 67. Kxh7 g5 68. Bc8 Ke3 69. Bxf5 Kf3 70. Bg4+ Kg3 71. Kg6 Kh4 72. Kf5 Bc1 73. Ke4 Bf4 74. Kf3 Bc1 75. Kg2 Bf4 76. Bd1 Bc1 77. Be2 Bf4 78. Bf3 Bb8 79. Bg4 Bf4 80. Kf3 Bd6 1/2-1/2

[Event "CFO-ch Seniors"]
[Site "Kaluga"]
[Date "2011.03.11"]
[Round "7"]
[White "Chaikovsky, Alex"]
[Black "Mukhin, Viktor"]
[Result "0-1"]
[WhiteElo "1869"]
[BlackElo "2137"]
[PlyCount "101"]
[EventDate "2011.03.05"]
[EventType "swiss"]
[EventRounds "9"]
[EventCountry "RUS"]
[SourceTitle "CBM 141 Extra"]
[Source "ChessBase"]
[SourceDate "2011.05.03"]
[SourceVersion "1"]
[SourceVersionDate "2011.05.03"]
[SourceQuality "1"]

1. e4 e5 2. Bc4 Nf6 3. d3 Nc6 4. Nf3 Bc5 5. c3 a6 6. b4 Ba7 7. 0-0 d6 8. Nbd2 0-0 9. Re1 Be6 10. Qb3 Bxc4 11. Nxc4 Ng4 12. Ne3 Nxe3 13. Bxe3 Bxe3 14. fxe3 Kh8 15. Rf1 f5 16. exf5 Rxf5 17. e4 Rf6 18. Rf2 Qe7 19. Raf1 Raf8 20. a4 Nd8 21. d4 exd4 22. cxd4 Qxe4 23. Qc2 Qxc2 24. Rxc2 c6 25. b5 axb5 26. axb5 cxb5 27. Rb2 Rf5 28. Rfb1 g6 29. Rxb5 Rxb5 30. Rxb5 Kg7 31. Rb6 Rf6 32. Kf2 h6 33. Ke3 Kf7 34. Nd2 Ke7 35. Nc4 d5 36. Rxf6 Kxf6 37. Nb6 Ke6 38. g4 Nf7 39. h4 Nd6 40. Na4 Ne4 41. Nb6 Nf6 42. Kf3 Nd7 43. Na4 b5 44. Nb2 b4 45. Nd3 b3 46. Ke3 Kd6 47. Kd2 Nf6 48. Ne5 Ne4+ 49. Kd3 g5 50. hxg5 hxg5 51. Nf3 0-1

[Event "CFO-ch Seniors"]
[Site "Kaluga"]
[Date "2011.03.08"]
[Round "?"]
[White "Mukhin, Viktor"]
[Black "Shishkin, Alexander"]
[Result "1-0"]
[WhiteElo "2137"]
[BlackElo "2017"]
[PlyCount "56"]
[EventDate "2011.03.05"]
[EventType "swiss"]
[EventRounds "9"]
[EventCountry "RUS"]
[SourceTitle "CBM 141 Extra"]
[Source "ChessBase"]
[SourceDate "2011.05.03"]
[SourceVersion "1"]
[SourceVersionDate "2011.05.03"]
[SourceQuality "1"]

1. e4 c5 2. c3 Nf6 3. e5 Nd5 4. d4 cxd4 5. cxd4 d6 6. Nf3 Nc6 7. Bc4 Nb6 8. Bb5 a6 9. Bxc6+ bxc6 10. 0-0 h6 11. Nc3 Bg4 12. Qe2 d5 13. h3 Bxf3 14. Qxf3 Qd7 15. Qd3 g6 16. b3 Qf5 17. Qe2 Qd7 18. Be3 Bg7 19. Qd2 f5 20. exf6 exf6 21. Na4 Nxa4 22. bxa4 g5 23. Rab1 0-0 24. Rb6 Rfe8 25. h4 Re6 26. Rbb1 Qf7 27. hxg5 fxg5 28. Qc2 Qf6 1-0

[Event "CFO-ch Seniors"]
[Site "Kaluga"]
[Date "2011.03.07"]
[Round "3"]
[White "Zhelnin, Vladimir V"]
[Black "Mukhin, Viktor"]
[Result "1-0"]
[WhiteElo "2434"]
[BlackElo "2137"]
[PlyCount "69"]
[EventDate "2011.03.05"]
[EventType "swiss"]
[EventRounds "9"]
[EventCountry "RUS"]
[SourceTitle "CBM 141 Extra"]
[Source "ChessBase"]
[SourceDate "2011.05.03"]
[SourceVersion "1"]
[SourceVersionDate "2011.05.03"]
[SourceQuality "1"]

1. e4 e5 2. Nf3 Nc6 3. Bb5 a6 4. Bxc6 dxc6 5. 0-0 f6 6. d4 Bg4 7. dxe5 Qxd1 8. Rxd1 fxe5 9. Rd3 Bd6 10. Nbd2 Nf6 11. Nc4 0-0 12. Nfxe5 Be2 13. Re3 Bxc4 14. Nxc4 Ng4 15. Re2 Bxh2+ 16. Kh1 Bd6 17. f3 Ne5 18. Nxd6 cxd6 19. b3 Rad8 20. Bb2 c5 21. Rd1 Nc6 22. Red2 Rf7 23. Rxd6 Rxd6 24. Rxd6 Nb4 25. Ba3 Rc7 26. Bxb4 cxb4 27. Rd2 Kf7 28. Kg1 Ke6 29. Kf2 Rc5 30. Ke3 Ra5 31. Rd4 Rxa2 32. Rxb4 Rxc2 33. Rb6+ Kf7 34. Rxb7+ Kf8 35. g4 1-0

[Event "CFO-ch Seniors"]
[Site "Kaluga"]
[Date "2011.03.06"]
[Round "?"]
[White "Mukhin, Viktor"]
[Black "An, Yuri"]
[Result "1-0"]
[WhiteElo "2137"]
[BlackElo "1997"]
[PlyCount "64"]
[EventDate "2011.03.05"]
[EventType "swiss"]
[EventRounds "9"]
[EventCountry "RUS"]
[SourceTitle "CBM 141 Extra"]
[Source "ChessBase"]
[SourceDate "2011.05.03"]
[SourceVersion "1"]
[SourceVersionDate "2011.05.03"]
[SourceQuality "1"]

1. e4 c5 2. c3 d6 3. d4 Nf6 4. dxc5 dxc5 5. Qxd8+ Kxd8 6. Bd3 e6 7. e5 Nd5 8. f4 a6 9. c4 Ne7 10. Nc3 Kc7 11. Nf3 h6 12. Be3 Nf5 13. Bf2 b6 14. 0-0-0 Bb7 15. Bxf5 exf5 16. Nd5+ Kc6 17. e6 Bd6 18. exf7 Rf8 19. Rhe1 Rxf7 20. Re6 Kd7 21. Rxd6+ Kxd6 22. Nxb6+ Kc7 23. Nxa8+ Bxa8 24. Bxc5 Bxf3 25. gxf3 Nc6 26. b4 g6 27. Kc2 Rf6 28. Kc3 Re6 29. Rg1 Nb8 30. h4 Kc6 31. Bd4 h5 32. a4 Nd7 1-0

[Event "CFO-ch Seniors"]
[Site "Kaluga"]
[Date "2011.03.05"]
[Round "?"]
[White "Tarasov, Gennady"]
[Black "Mukhin, Viktor"]
[Result "0-1"]
[WhiteElo "1953"]
[BlackElo "2137"]
[PlyCount "73"]
[EventDate "2011.03.05"]
[EventType "swiss"]
[EventRounds "9"]
[EventCountry "RUS"]
[SourceTitle "CBM 141 Extra"]
[Source "ChessBase"]
[SourceDate "2011.05.03"]
[SourceVersion "1"]
[SourceVersionDate "2011.05.03"]
[SourceQuality "1"]

1. e4 e5 2. Nf3 Nc6 3. d4 exd4 4. Bc4 Nf6 5. 0-0 Nxe4 6. Re1 d5 7. Bxd5 Qxd5 8. Nc3 Qh5 9. Nxe4 Be6 10. Neg5 0-0-0 11. Nxe6 fxe6 12. Rxe6 Qf5 13. Qe2 d3 14. cxd3 Qxd3 15. Bg5 Qxe2 16. Rxe2 Rd5 17. Re8+ Kd7 18. Rae1 Bb4 19. Rxh8 Bxe1 20. Rxh7 Bc3 21. h4 Bxb2 22. Bh6 Rh5 23. Bxg7 Rxh7 24. Bxb2 Nb4 25. g4 Nd3 26. Bf6 Rf7 27. Ne5+ Nxe5 28. Bxe5 Re7 29. Bf6 Re4 30. f3 Rf4 31. Bg7 Rxf3 32. Kg2 Rf7 33. Bc3 Rf4 34. Kg3 Ra4 35. Be5 Ke6 36. Bxc7 Rxa2 37. h5 0-1

[Event "Moscow op-B"]
[Site "Moscow"]
[Date "2009.11.20"]
[Round "1"]
[White "Kruchinin, Anatoly V"]
[Black "Mukhin, Viktor"]
[Result "0-1"]
[WhiteElo "1809"]
[BlackElo "2164"]
[PlyCount "54"]
[EventDate "2009.01.31"]
[EventType "swiss"]
[EventRounds "9"]
[EventCountry "RUS"]
[SourceTitle "EXT 2012"]
[Source "ChessBase"]
[SourceDate "2011.11.24"]
[SourceVersion "1"]
[SourceVersionDate "2011.11.24"]
[SourceQuality "1"]

1. Nf3 Nf6 2. h3 d5 3. c4 e6 4. e3 Be7 5. Nc3 0-0 6. d4 b6 7. Bd3 Bb7 8. a3 c5 9. 0-0 cxd4 10. exd4 Nbd7 11. Re1 Rc8 12. cxd5 Nxd5 13. Nxd5 Bxd5 14. Bf4 Nf6 15. Ba6 Ra8 16. Rc1 Bxf3 17. gxf3 Nd5 18. Bg3 Bd6 19. Kh2 Bf4 20. Rc6 Qf6 21. Re4 Rad8 22. Bc4 Bxg3+ 23. fxg3 Ne7 24. Rc7 Nf5 25. Rf4 g5 26. Rxf5 Qxf5 27. Qb3 Rxd4 0-1

[Event "RUS-ch Seniors"]
[Site "Lesnoj Gorodok"]
[Date "2009.10.11"]
[Round "9"]
[White "Mukhin, Viktor"]
[Black "Malov, Lev Pavlovich"]
[Result "1-0"]
[WhiteElo "2141"]
[BlackElo "2031"]
[PlyCount "107"]
[EventDate "2009.10.03"]
[EventType "swiss"]
[EventRounds "9"]
[EventCountry "RUS"]
[SourceTitle "CBM 132 Extra"]
[Source "ChessBase"]
[SourceDate "2009.11.03"]
[SourceVersion "1"]
[SourceVersionDate "2009.11.03"]
[SourceQuality "1"]

1. e4 e6 2. d4 d5 3. Nc3 dxe4 4. Nxe4 Nd7 5. Nf3 Ngf6 6. Nxf6+ Nxf6 7. Bd3 Be7 8. 0-0 0-0 9. Re1 c5 10. dxc5 Bxc5 11. Bg5 Be7 12. Ne5 h6 13. Bd2 Bc5 14. Qf3 Bd4 15. Rad1 Bxe5 16. Rxe5 Qd4 17. Bc3 Qg4 18. Qxg4 Nxg4 19. Rc5 Nf6 20. Bxf6 gxf6 21. Be4 f5 22. Bf3 Kg7 23. Rc7 Rb8 24. c4 Kf6 25. b4 e5 26. Rd6+ Be6 27. Bxb7 Rfd8 28. Rxd8 Rxd8 29. Bd5 Bxd5 30. cxd5 Rxd5 31. Kf1 a5 32. a3 axb4 33. axb4 Rb5 34. Rc4 Ke6 35. Ke2 Kd5 36. Kd3 e4+ 37. Kc3 f4 38. Rc7 f5 39. h4 e3 40. fxe3 fxe3 41. Re7 f4 42. g3 Kd6 43. Re4 Re5 44. Rxe5 Kxe5 45. Kd3 h5 46. gxf4+ Kxf4 47. Ke2 Ke4 48. b5 Kd5 49. Kxe3 Kc5 50. Kf4 Kxb5 51. Kg5 Kc6 52. Kxh5 Kd6 53. Kg6 Ke7 54. Kg7 1-0

[Event "RUS-ch Seniors"]
[Site "Lesnoj Gorodok"]
[Date "2009.10.10"]
[Round "8"]
[White "Rosanov, Lev I"]
[Black "Mukhin, Viktor"]
[Result "1-0"]
[WhiteElo "2108"]
[BlackElo "2141"]
[PlyCount "77"]
[EventDate "2009.10.03"]
[EventType "swiss"]
[EventRounds "9"]
[EventCountry "RUS"]
[SourceTitle "CBM 132 Extra"]
[Source "ChessBase"]
[SourceDate "2009.11.03"]
[SourceVersion "1"]
[SourceVersionDate "2009.11.03"]
[SourceQuality "1"]

1. e4 e5 2. Nf3 Nc6 3. Bb5 a6 4. Ba4 Nf6 5. Qe2 b5 6. Bb3 Be7 7. a4 Bb7 8. d3 0-0 9. 0-0 d6 10. h3 Na5 11. Ba2 c5 12. Nc3 b4 13. Nd5 Nxd5 14. Bxd5 Qc7 15. Bxb7 Qxb7 16. b3 Nc6 17. Bb2 Qd7 18. Nd2 Na5 19. f4 f6 20. Rf3 Rae8 21. f5 d5 22. Raf1 Nc6 23. Rg3 Rf7 24. Rg4 Nd4 25. Bxd4 exd4 26. exd5 Bd6 27. Re4 Be5 28. Nc4 Qxd5 29. Re1 Rfe7 30. g4 h6 31. h4 Kf8 32. g5 Bd6 33. gxf6 gxf6 34. Qh5 Bf4 35. Qxe8+ Kxe8 36. Rxe7+ Kd8 37. Re8+ Kc7 38. R1e7+ Kc6 39. Rc8+ 1-0

[Event "RUS-ch Seniors"]
[Site "Lesnoj Gorodok"]
[Date "2009.10.09"]
[Round "7"]
[White "Mukhin, Viktor"]
[Black "Kudriashov, Yuri"]
[Result "1/2-1/2"]
[WhiteElo "2141"]
[BlackElo "2228"]
[PlyCount "40"]
[EventDate "2009.10.03"]
[EventType "swiss"]
[EventRounds "9"]
[EventCountry "RUS"]
[SourceTitle "CBM 132 Extra"]
[Source "ChessBase"]
[SourceDate "2009.11.03"]
[SourceVersion "1"]
[SourceVersionDate "2009.11.03"]
[SourceQuality "1"]

1. e4 d5 2. exd5 Qxd5 3. Nc3 Qd8 4. d4 Nf6 5. Nf3 Bg4 6. Be2 e6 7. 0-0 Be7 8. h3 Bh5 9. Be3 c6 10. Ne5 Bxe2 11. Qxe2 Nbd7 12. Rad1 0-0 13. Qd3 Qa5 14. Nxd7 Nxd7 15. a3 Rad8 16. b4 Qh5 17. Qc4 Nb6 18. Qb3 Nd5 19. Nxd5 exd5 20. c4 dxc4 1/2-1/2

[Event "RUS-ch Seniors"]
[Site "Lesnoj Gorodok"]
[Date "2009.10.05"]
[Round "3"]
[White "Mukhin, Viktor"]
[Black "Turikov, Viktor"]
[Result "0-1"]
[WhiteElo "2141"]
[BlackElo "2321"]
[PlyCount "47"]
[EventDate "2009.10.03"]
[EventType "swiss"]
[EventRounds "9"]
[EventCountry "RUS"]
[SourceTitle "CBM 132 Extra"]
[Source "ChessBase"]
[SourceDate "2009.11.03"]
[SourceVersion "1"]
[SourceVersionDate "2009.11.03"]
[SourceQuality "1"]

1. e4 d6 2. d4 Nf6 3. Nc3 c6 4. Nf3 Bg4 5. Be2 e6 6. 0-0 Be7 7. Be3 0-0 8. Ng5 Bxe2 9. Qxe2 h6 10. Nf3 d5 11. e5 Nfd7 12. Qd2 c5 13. dxc5 Nc6 14. Bf4 Nxc5 15. Rfe1 Kh7 16. a3 a5 17. Nd4 Nd7 18. Ncb5 Nxd4 19. Nxd4 Qb6 20. Rab1 Rfc8 21. c3 a4 22. Qe2 Bf8 23. Qc2+ g6 24. h4 0-1

[Event "Moscow op-B"]
[Site "Moscow"]
[Date "2009.02.08"]
[Round "9"]
[White "Pugachevsky, Valery"]
[Black "Mukhin, Viktor"]
[Result "1-0"]
[WhiteElo "1400"]
[BlackElo "2164"]
[PlyCount "46"]
[EventDate "2009.01.31"]
[EventType "swiss"]
[EventRounds "9"]
[EventCountry "RUS"]
[SourceTitle "EXT 2012"]
[Source "ChessBase"]
[SourceDate "2011.11.24"]
[SourceVersion "1"]
[SourceVersionDate "2011.11.24"]
[SourceQuality "1"]

1. d4 Nf6 2. c4 e6 3. Nc3 Bb4 4. e3 c5 5. Nf3 Nc6 6. Bd3 d6 7. 0-0 Bxc3 8. bxc3 e5 9. d5 Ne7 10. e4 Ng6 11. Ne1 0-0 12. g3 Ne8 13. Qc2 Bh3 14. Ng2 Qd7 15. a4 f5 16. exf5 Bxf5 17. f4 Bxd3 18. Qxd3 exf4 19. Bxf4 Nf6 20. a5 Qh3 21. Ne3 Nxf4 22. Rxf4 g6 23. Raf1 Nd7 1-0

[Event "Moscow op-B"]
[Site "Moscow"]
[Date "2009.02.01"]
[Round "2"]
[White "Mukhin, Viktor"]
[Black "Pluzyan, Aram"]
[Result "1-0"]
[WhiteElo "2164"]
[BlackElo "1400"]
[PlyCount "62"]
[EventDate "2009.01.31"]
[EventType "swiss"]
[EventRounds "9"]
[EventCountry "RUS"]
[SourceTitle "EXT 2012"]
[Source "ChessBase"]
[SourceDate "2011.11.24"]
[SourceVersion "1"]
[SourceVersionDate "2011.11.24"]
[SourceQuality "1"]

1. e4 c5 2. Nf3 Nc6 3. c3 d5 4. exd5 Qxd5 5. d4 Bg4 6. Be2 e6 7. 0-0 Nf6 8. Na3 Be7 9. Nb5 Rc8 10. Qa4 0-0 11. Nxa7 Ra8 12. Nxc6 bxc6 13. Qd1 Rfd8 14. Be3 Rxa2 15. c4 Rxa1 16. Qxa1 Qf5 17. dxc5 Qc2 18. Re1 e5 19. h3 Bxf3 20. Bxf3 e4 21. Be2 Nd7 22. b4 f6 23. Qa7 Kf8 24. b5 Ne5 25. b6 Nd3 26. Bxd3 exd3 27. b7 d2 28. Bxd2 Qxd2 29. Rb1 Kf7 30. b8Q Rxb8 31. Qxb8 Qd4 1-0

[Event "RUS-ch Seniors"]
[Site "Odintsovo"]
[Date "2008.10.10"]
[Round "8"]
[White "Degtiarev, Viktor"]
[Black "Mukhin, Viktor"]
[Result "1/2-1/2"]
[WhiteElo "1894"]
[BlackElo "2150"]
[PlyCount "82"]
[EventDate "2008.10.02"]
[EventType "swiss"]
[EventRounds "9"]
[EventCountry "RUS"]
[SourceTitle "CBM 127 Extra"]
[Source "ChessBase"]
[SourceDate "2009.01.08"]
[SourceVersion "2"]
[SourceVersionDate "2009.01.28"]
[SourceQuality "1"]

1. e4 Nf6 2. e5 Nd5 3. Nc3 c6 4. d4 d6 5. Nxd5 cxd5 6. f4 Nc6 7. c3 dxe5 8. fxe5 Bf5 9. Bd3 Bxd3 10. Qxd3 e6 11. Nf3 Be7 12. 0-0 0-0 13. Be3 a6 14. Qd2 b5 15. Rac1 Rc8 16. Qf2 b4 17. Bd2 bxc3 18. Rxc3 Nb4 19. a3 Rxc3 20. Bxc3 Nc6 21. Rc1 Qb6 22. Qe3 a5 23. g3 a4 24. h4 h6 25. Kg2 Na5 26. Rc2 Qb3 27. Rf2 Nc4 28. Qd3 Rc8 29. Nd2 Nxd2 30. Qxd2 Bxa3 31. Qf4 Rf8 32. Qg4 Be7 33. Bd2 Kh7 34. h5 Qd3 35. Bc1 Qe4+ 36. Qxe4+ dxe4 37. Re2 Rc8 38. Bf4 Rc4 39. Be3 f5 40. exf6 gxf6 41. g4 f5 1/2-1/2

[Event "RUS-ch Seniors"]
[Site "Odintsovo"]
[Date "2008.10.02"]
[Round "1"]
[White "Mukhin, Viktor"]
[Black "Ostrovsky, Alexander"]
[Result "1/2-1/2"]
[WhiteElo "2150"]
[BlackElo "2376"]
[PlyCount "101"]
[EventDate "2008.10.02"]
[EventType "swiss"]
[EventRounds "9"]
[EventCountry "RUS"]
[SourceTitle "CBM 127 Extra"]
[Source "ChessBase"]
[SourceDate "2009.01.08"]
[SourceVersion "2"]
[SourceVersionDate "2009.01.28"]
[SourceQuality "1"]

1. e4 c5 2. Nf3 d6 3. c3 Nf6 4. Bd3 Nc6 5. Bc2 Bg4 6. d4 e5 7. d5 Nb8 8. c4 Be7 9. 0-0 0-0 10. Nc3 Nbd7 11. Qd3 Ne8 12. h3 Bxf3 13. Qxf3 Bg5 14. Bxg5 Qxg5 15. Qg4 Qxg4 16. hxg4 a6 17. Ba4 Ndf6 18. g5 Nh5 19. g3 g6 20. Kg2 f6 21. gxf6 Rxf6 22. Bd1 Neg7 23. a4 Rf7 24. a5 Re8 25. Rb1 Nf6 26. b4 cxb4 27. Rxb4 Rc7 28. Be2 Nd7 29. Rfb1 Nc5 30. Na4 Nxa4 31. Rxa4 Ree7 32. Rab4 Ne8 33. Rb6 h5 34. R1b4 Rc5 35. Rxb7 Rxb7 36. Rxb7 Rxa5 37. g4 Nf6 38. gxh5 gxh5 39. Rb6 Nxe4 40. Bf3 Nd2 41. Rxd6 e4 42. Bxh5 Nxc4 43. Rd8+ Kg7 44. Be2 Ne5 45. Re8 Rxd5 46. Bxa6 Kf6 47. Bb7 Rd4 48. Rf8+ Kg5 49. Bxe4 Rxe4 50. f4+ Rxf4 51. Rxf4 1/2-1/2

[Event "Moscow op-B 04th"]
[Site "Moscow"]
[Date "2008.02.06"]
[Round "5"]
[White "Mukhin, Viktor"]
[Black "Kutuzov, Denis"]
[Result "1/2-1/2"]
[WhiteElo "2147"]
[BlackElo "2292"]
[PlyCount "62"]
[EventDate "2008.02.02"]
[EventType "swiss"]
[EventRounds "9"]
[EventCountry "RUS"]
[SourceTitle "CBM 122 Extra"]
[Source "ChessBase"]
[SourceDate "2008.03.04"]
[SourceVersion "1"]
[SourceVersionDate "2008.03.04"]
[SourceQuality "1"]

1. e4 e6 2. d4 d5 3. Nc3 Nf6 4. Bg5 Bb4 5. e5 h6 6. Bd2 Bxc3 7. bxc3 Ne4 8. Qg4 Kf8 9. Bd3 Nxd2 10. Kxd2 c5 11. Nf3 c4 12. Be2 Nc6 13. a4 Bd7 14. h4 a6 15. Qf4 b5 16. axb5 axb5 17. Ng5 hxg5 18. hxg5 Rxh1 19. Rxh1 Ne7 20. Rh8+ Ng8 21. Bh5 Be8 22. Bg6 Ra3 23. Bh7 Qa5 24. Rxg8+ Ke7 25. Rxg7 Qxc3+ 26. Ke2 Ra1 27. Qd2 Qxd2+ 28. Kxd2 Kf8 29. Rg8+ Ke7 30. Rg7 Kf8 31. Rg8+ Ke7 1/2-1/2

[Event "Moscow op-B 04th"]
[Site "Moscow"]
[Date "2008.02.04"]
[Round "3"]
[White "Mukhin, Viktor"]
[Black "Losyakov, Andrey"]
[Result "1/2-1/2"]
[WhiteElo "2147"]
[BlackElo "1978"]
[PlyCount "55"]
[EventDate "2008.02.02"]
[EventType "swiss"]
[EventRounds "9"]
[EventCountry "RUS"]
[SourceTitle "CBM 122 Extra"]
[Source "ChessBase"]
[SourceDate "2008.03.04"]
[SourceVersion "1"]
[SourceVersionDate "2008.03.04"]
[SourceQuality "1"]

1. e4 e5 2. Nf3 Nf6 3. Nxe5 d6 4. Nf3 Nxe4 5. Nc3 Nf6 6. d4 d5 7. h3 Be7 8. Bd3 c6 9. 0-0 0-0 10. Ne2 Nbd7 11. Ng3 Re8 12. Re1 Nf8 13. c3 Ng6 14. Ne5 Bd6 15. Nxg6 hxg6 16. Rxe8+ Qxe8 17. Qe2 Bxg3 18. Qxe8+ Nxe8 19. fxg3 Bf5 20. Bxf5 gxf5 21. Kf2 Nf6 22. Kf3 Ne4 23. g4 fxg4+ 24. Kxg4 f6 25. Kf3 Kf7 26. Be3 Re8 27. h4 b6 28. Rc1 1/2-1/2